[Event "Karvina op"]
[Site "Karvina"]
[Date "1989.??.??"]
[Round "5"]
[White "Vokac, Marek"]
[Black "Hadraba, Vladimir"]
[Result "1-0"]
[WhiteElo "2465"]
[BlackElo "2255"]

1.d4 Nf6 2.c4 d6 3.Nc3 Nbd7 4.e4 e5 5.Nf3 g6 6.Be2 Bg7 7.O-O O-O 8.d5 Nc5
9.Qc2 a5 10.Be3 Nfd7 11.Nd2 f5 12.exf5 gxf5 13.f4 exf4 14.Bxf4 Ne5 15.Nf3 Qf6
16.Rad1 Bd7 17.Kh1 Rae8 18.Nxe5 dxe5 19.Be3 Na6 20.c5 f4 21.Bg1 Nb4 22.Qb3 Bf5
23.a3 Nc2 24.d6+ Kh8 25.Nd5 Qg5 26.Nxc7 e4 27.Rxf4 Qxf4 28.Nxe8 e3 29.Rf1 Qe4
30.Nxg7 Kxg7 31.Rf3 Nd4 32.Qc3 Bg4 33.Rxe3 Qf4 34.Bxg4  1-0

[Event "Karvina op"]
[Site "Karvina"]
[Date "1989.??.??"]
[Round "6"]
[White "Gross, Stefan"]
[Black "Znamenacek, Kvetoslav"]
[Result "1-0"]
[WhiteElo "2435"]
[BlackElo "2350"]

1.Nf3 Nf6 2.c4 g6 3.Nc3 Bg7 4.e4 d6 5.d4 O-O 6.Be2 e5 7.Be3 Ng4 8.Bg5 f6
9.Bh4 c6 10.d5 Qc7 11.Nd2 f5 12.exf5 gxf5 13.Bxg4 fxg4 14.Nde4 Na6 15.dxc6 Be6
16.Qxd6 Qxc6 17.Qxc6 bxc6 18.b3 Nb4 19.O-O-O a5 20.a3 Bf5 21.Rhe1 Na6 22.Kb2 Nc7
23.Be7 Rfb8 24.Bf6 Ne6 25.Bxg7 Kxg7 26.Ng3 Kf6 27.Nce4+ Bxe4 28.Nxe4+ Kf5
29.Rd7 Nd4 30.Rd6 Rxb3+ 31.Kc1 Rf8 32.Ng3+ Kg5 33.Rxe5+ Nf5 34.Rxc6 Rxa3
35.Rcc5 a4 36.Rxf5+ Rxf5 37.Nxf5 Ra2 38.Ne3+ Kf4 39.Nc2 a3 40.Ra5  1-0

[Event "Kecskemet"]
[Site "Kecskemet"]
[Date "1989.??.??"]
[Round "?"]
[White "Malich, Burkhard"]
[Black "Kaminski, Uwe"]
[Result "1/2-1/2"]
[WhiteElo "2440"]
[BlackElo "2405"]

1.d4 Nf6 2.Nf3 g6 3.c4 Bg7 4.Nc3 O-O 5.e4 d6 6.Be2 e5 7.d5 a5 8.Qc2 Na6 9.Bg5 h6
10.Bh4 Qe8 11.Nd2 Nh7 12.f3 h5 13.O-O Bh6 14.Rab1 Bd7 15.b3 Be3+ 16.Bf2 Bc5  1/2-1/2

[Event "Kecskemet"]
[Site "Kecskemet"]
[Date "1989.??.??"]
[Round "?"]
[White "Malaniuk, Vladimir P"]
[Black "Chekhov, Valery A"]
[Result "1-0"]
[WhiteElo "2560"]
[BlackElo "2480"]

1.d4 Nf6 2.c4 g6 3.Nc3 Bg7 4.e4 d6 5.Be2 O-O 6.Nf3 e5 7.O-O Na6 8.Be3 Ng4
9.Bg5 Qe8 10.h3 h6 11.Bc1 Nf6 12.dxe5 dxe5 13.Be3 b6 14.a3 Bb7 15.Nd2 Rd8
16.Qc2 Nh7 17.b4 Ng5 18.c5 f5 19.Bxg5 hxg5 20.c6 Bc8 21.Nd5 Nb8 22.b5 Rf7
23.Bc4 Kh8 24.Nf3 g4 25.hxg4 fxg4 26.Ng5 Rf8 27.Nxc7 Qe7 28.Nce6 Rd6 29.Rad1 Rg8
30.Nxg7 Rxd1 31.Rxd1 Rxg7 32.Qd2  1-0

[Event "Kecskemet"]
[Site "Kecskemet"]
[Date "1989.??.??"]
[Round "?"]
[White "Malich, Burkhard"]
[Black "Ubilava, Elizbar"]
[Result "1/2-1/2"]
[WhiteElo "2440"]
[BlackElo "2525"]

1.d4 d6 2.Nf3 g6 3.c4 Bg7 4.Nc3 Nd7 5.e4 e5 6.Be2 Ngf6 7.O-O O-O 8.Re1 a5
9.Bf1 h6 10.dxe5 dxe5 11.b3 Re8 12.Bb2 Nh7 13.Nb5 c6 14.Nd6 Re6 15.Nxc8 Qxc8
16.g3 Qc7 17.Qe2 Nhf6 18.Bh3 Ree8 19.Bxd7 Nxd7 20.Rad1 Nc5 21.h4 h5 22.Bc3 Rad8
23.Kg2 b6 24.Qc2 Rd7 25.Rxd7 Qxd7 26.Rd1 Qg4 27.Ng5 f6 28.f3 Qc8 29.Nh3 Ne6
30.a3 Bh6 31.Qf2 Rd8 32.Qe1 Rd7 33.Rxd7 Qxd7 34.Nf2 Kf7 35.b4 a4 36.Bb2 b5
37.Qc3 Bd2 38.Qc2 Be3 39.cxb5 cxb5 40.Qd3 Qxd3 41.Nxd3 Bd4 42.Bc1 Nc7 43.f4 exf4
44.gxf4 f5 45.Kf3 Bf6 46.Bb2 Bxh4 47.Ne5+ Kg7 48.Nd7+ Kg8 49.Be5 Ne6 50.exf5 gxf5
51.Nb6 Bd8 52.Nc8 Bc7 53.Ne7+ Kf7 54.Nxf5 Bxe5 55.fxe5 Kg6 56.Nd6 Kg5 57.Ne4+ Kf5
58.Nd6+ Kxe5 59.Nxb5 Kd5 60.Nc3+  1/2-1/2

[Event "Kecskemet"]
[Site "Kecskemet"]
[Date "1989.??.??"]
[Round "?"]
[White "Tunik, Gennady"]
[Black "Kovalev, Andrei"]
[Result "1-0"]
[WhiteElo "2470"]
[BlackElo "2505"]

1.d4 Nf6 2.c4 g6 3.Nc3 Bg7 4.e4 O-O 5.Nf3 d6 6.Be2 e5 7.Be3 exd4 8.Nxd4 Re8
9.f3 c6 10.Qd2 d5 11.exd5 cxd5 12.O-O dxc4 13.Ndb5 Qe7 14.Bf4 Rd8 15.Qe3 Qxe3+
16.Bxe3 Nc6 17.Rad1 Bf5 18.Bxc4 Ne5 19.Bb3 Bd3 20.Rfe1 Nc6 21.Nxa7 Nxa7 22.Bxa7 Rxa7
23.Re3 b5 24.Rexd3 Rxd3 25.Rxd3 b4 26.Nb5 Rd7 27.Rd6 Kf8 28.a3 Rxd6 29.Nxd6 Ne8
30.Nxf7 Bxb2 31.axb4 Ba3 32.b5 Nc7 33.Ng5 Nxb5 34.Nxh7+ Kg7 35.Ng5 Nd4 36.Bc4 Bc5
37.Kh1 Bb6 38.f4 Bd8 39.Ne4 Nf5 40.g3 Ne3 41.Bd3 Bc7 42.Ng5 Kf6 43.Be4 Ba5
44.Nf3 Bc3 45.Kg1 Nc4 46.Bd3 Nd2 47.Ne5 g5 48.Ng4+ Kg7 49.fxg5 Nf3+ 50.Kf2 Nxg5
51.Ne3 Nf7 52.Kf3 Ba5 53.h4 Bd8 54.Bc2 Kf6 55.g4 Ke5 56.Bb3 Nd6 57.g5 Ne4
58.Ng4+ Kd4 59.g6 Bf6 60.Nxf6 Nxf6 61.Kf4 Nh5+ 62.Kg5 Ng7 63.h5  1-0

[Event "Kecskemet"]
[Site "Kecskemet"]
[Date "1989.??.??"]
[Round "?"]
[White "Kristiansen, Jens"]
[Black "Volke, Karsten"]
[Result "1/2-1/2"]
[WhiteElo "2430"]
[BlackElo "2395"]

1.c4 Nf6 2.Nf3 g6 3.Nc3 Bg7 4.e4 d6 5.d4 O-O 6.Be2 Na6 7.O-O e5 8.Be3 Qe8
9.dxe5 dxe5 10.Nd2 c6 11.c5 Qe7 12.Bxa6 bxa6 13.f3 Rd8 14.Qc2 Be6 15.Rfd1 Nh5
16.Nb3 Nf4 17.Na5 Qc7 18.b4 Rd4 19.a3 Rad8 20.Ne2 Rd3 21.Rxd3 Rxd3 22.Nxf4 exf4
23.Qxd3 Bxa1 24.Bd2 Be5 25.Kf2 h5 26.Ke2 Bc8 27.Bc3 Kh7 28.Nc4 Bxc3 29.Qxc3 Qd8
30.Nd6 Be6 31.Qe5 a5 32.Qxf4 Kg8 33.Qe5 axb4 34.axb4 a5 35.bxa5 Qxa5 36.h4 Qa2+
37.Kf1 Qd2 38.Qg5 Qd4 39.Qd8+ Kh7 40.Qg5 Kg8 41.Ke2 Qg1 42.Kd2 Qd4+ 43.Kc2 Qa4+
44.Kd3 Qd1+ 45.Ke3 Qg1+ 46.Kf4 Qh2+  1/2-1/2

[Event "URS-sf Ukraine-ch"]
[Site "Kherson"]
[Date "1989.??.??"]
[Round "?"]
[White "Novikov, Igor A"]
[Black "Foygel, Igor"]
[Result "1/2-1/2"]
[WhiteElo "2500"]
[BlackElo "2370"]

1.d4 Nf6 2.c4 g6 3.Nc3 Bg7 4.e4 d6 5.Nf3 O-O 6.Be2 e5 7.O-O Nbd7 8.Re1 c6
9.Bf1 exd4 10.Nxd4 Re8 11.Bg5 h6 12.Bh4 Qb6 13.Nb3 a5 14.Na4 Qb4 15.Nd2 Nc5
16.Nxc5 Qxc5 17.Qc2 a4 18.Rad1 Bg4 19.Rb1 g5 20.Bg3 Nh5 21.b4  1/2-1/2

[Event "URS-sf Ukraine-ch"]
[Site "Kherson"]
[Date "1989.??.??"]
[Round "?"]
[White "Savchenko, Stanislav"]
[Black "Foygel, Igor"]
[Result "1-0"]
[WhiteElo "2395"]
[BlackElo "2370"]

1.d4 Nf6 2.c4 d6 3.Nc3 Nbd7 4.Nf3 g6 5.e4 e5 6.Be2 Bg7 7.O-O O-O 8.Qc2 Ng4
9.Bg5 Bf6 10.Bxf6 Qxf6 11.h3 Nh6 12.Rad1 c6 13.dxe5 Nxe5 14.Qd2 Nxf3+ 15.Bxf3 Qh4
16.Qxd6 f5 17.Qd4 Be6 18.b3 Rae8 19.exf5 Qxd4 20.Rxd4 Nxf5 21.Rd2 Bc8 22.Rfd1 h5
23.Be4 Kg7 24.Bc2 g5 25.g3 Re5 26.Re2 Rxe2 27.Nxe2 Re8 28.Nc3 Kh6 29.Ne4 Be6
30.Kg2 Re7 31.Rd8 b6 32.Rh8+ Kg6 33.Nc3 Kg7 34.Rxh5  1-0

[Event "URS-sf Ukraine-ch"]
[Site "Kherson"]
[Date "1989.??.??"]
[Round "?"]
[White "Kuzmin, Gennadi P"]
[Black "Foygel, Igor"]
[Result "1-0"]
[WhiteElo "2495"]
[BlackElo "2370"]

1.d4 Nf6 2.c4 g6 3.Nc3 Bg7 4.e4 d6 5.Be2 O-O 6.Nf3 e5 7.d5 a5 8.Be3 Ng4 9.Bg5 f6
10.Bd2 Na6 11.h3 Nh6 12.h4 Nc5 13.h5 g5 14.Be3 Nf7 15.Nd2 f5 16.exf5 Bxf5
17.Nb3 Ne4 18.Nxe4 Bxe4 19.Nd2 Bf5 20.g4 Bd7 21.Ne4 Qe7 22.h6 Bxh6 23.Qd3 Kh8
24.O-O-O Rg8 25.Rh5 Rg6 26.Rdh1 Kg8 27.Qb3 b6 28.f3 Bg7 29.Qc2 h6 30.Bd3 Rf6
31.Nxf6+ Qxf6 32.Be4 Nh8 33.Qh2 Nf7 34.b3 Rc8 35.Kb1 Kf8 36.a3 Ra8 37.Qd2 Ke8
38.b4 axb4 39.axb4 Ra4 40.Kb2 Qd8 41.Ra1 Rxa1 42.Kxa1 Kf8 43.Rh1 Be8 44.Rc1 Nh8
45.Qd3 Ng6 46.Qa3 Nf4 47.c5 Ne2 48.Rc2 Nd4 49.Ra2 bxc5 50.bxc5 dxc5 51.Qxc5+ Kg8
52.Qc4 Bb5 53.Qc3 Qb8 54.d6 c6 55.Qa3 Ba6 56.Qxa6 Nb3+ 57.Kb1 Nc5+ 58.Rb2 Nxa6
59.Rxb8+ Nxb8 60.Ba7 Nd7 61.Bf5  1-0

[Event "Leningrad-chT"]
[Site "Leningrad"]
[Date "1989.??.??"]
[Round "?"]
[White "Makarov, Marat"]
[Black "Kovalev, Andrei"]
[Result "1/2-1/2"]
[WhiteElo "2505"]
[BlackElo "2505"]

1.Nf3 g6 2.d4 Nf6 3.c4 Bg7 4.Nc3 O-O 5.e4 d6 6.Be2 e5 7.O-O Nbd7 8.Qc2 c6
9.Rd1 Qe7 10.Rb1 exd4 11.Nxd4 Nc5 12.f3 Nh5 13.b4 Ne6 14.Nxe6 Bxe6 15.g4 Be5
16.gxh5 Bxh2+ 17.Kxh2 Qh4+ 18.Kg1 Qg3+ 19.Kh1 Bh3  1/2-1/2

[Event "Leningrad-chT"]
[Site "Leningrad"]
[Date "1989.??.??"]
[Round "?"]
[White "Legky, Nikolay A"]
[Black "Kovalev, Andrei"]
[Result "0-1"]
[WhiteElo "2465"]
[BlackElo "2505"]

1.d4 Nf6 2.c4 g6 3.Nc3 Bg7 4.e4 O-O 5.Nf3 d6 6.Be2 e5 7.O-O Nbd7 8.Qc2 c6
9.Rd1 Qe7 10.d5 c5 11.Rb1 Ne8 12.g3 f5 13.exf5 gxf5 14.Ng5 Ndf6 15.b4 cxb4
16.Rxb4 b6 17.a4 Nc7 18.a5 Na6 19.Rb5 bxa5 20.Rxa5 Nc5 21.Ba3 h6 22.Nf3 Nfe4
23.Nxe4 Nxe4 24.Bb4 Rb8 25.Qa4 f4 26.Rb5 Rxb5 27.cxb5 Nxf2 28.Kxf2 fxg3+
29.hxg3 e4 30.Bxd6 Qxd6 31.Qxe4 Bf5 32.Qf4 Qd7 33.d6 Kh8 34.Ne5 Qe6 35.d7 Rd8
36.Bd3 Bxd3 37.Nf7+ Kg8 38.Nxd8 Qe2+ 39.Kg1 Qxd1+ 40.Kh2 Qe2+ 41.Kh3 Qh5+
42.Kg2 Qd5+ 43.Kh2 Qxd7 44.Nc6 Kh7 45.Qd2 Qf5  0-1

[Event "Leningrad-chT"]
[Site "Leningrad"]
[Date "1989.??.??"]
[Round "?"]
[White "Ivanov, Sergey"]
[Black "Yurtaev, Leonid"]
[Result "1/2-1/2"]
[WhiteElo "2465"]
[BlackElo "2505"]

1.Nf3 Nf6 2.c4 g6 3.Nc3 Bg7 4.e4 d6 5.d4 O-O 6.Be2 e5 7.d5 Na6 8.Bg5 h6 9.Bh4 g5
10.Bg3 Nh5 11.h4 Nxg3 12.fxg3 gxh4 13.Nxh4 Qg5 14.g4 Bf6 15.Qd2 Kg7 16.g3 Qxd2+
17.Kxd2 Bg5+ 18.Kd1 Be3 19.Rb1 Bd4 20.Kc2 Nc5 21.b4  1/2-1/2

[Event "Lenk op"]
[Site "Lenk"]
[Date "1989.??.??"]
[Round "?"]
[White "Gheorghiu, Florin"]
[Black "Spycher, B."]
[Result "1-0"]
[WhiteElo "2515"]
[BlackElo "2210"]

1.d4 Nf6 2.c4 g6 3.Nc3 Bg7 4.e4 d6 5.Nf3 O-O 6.Be2 e5 7.Be3 Nc6 8.d5 Ne7
9.Nd2 Ne8 10.f3 f5 11.Bd3 c5 12.Qc2 Nf6 13.O-O-O a6 14.a3 Qc7 15.b4 Bd7 16.Qb3 fxe4
17.Ndxe4 Nf5 18.Nxf6+ Rxf6 19.Bf2 Bh6+ 20.Kb1 Ne3 21.Ne4 Rf7 22.bxc5 dxc5
23.Bxe3 Bxe3 24.Ka2 b5 25.cxb5 axb5 26.Bxb5 Bxb5 27.Qxe3 Bc4+ 28.Ka1 Ra5
29.Rc1 Qa7 30.Rc3 Bxd5 31.Rd1 Bxe4 32.fxe4 Qa6 33.Ka2 Qe6+ 34.Rd5 Rfa7 35.Qg3 Qa6
36.Rd8+ Kf7 37.Rf3+  1-0

[Event "Lillafured"]
[Site "Lillafured"]
[Date "1989.??.??"]
[Round "?"]
[White "Lukacs, Peter"]
[Black "Barczay, Laszlo"]
[Result "1-0"]
[WhiteElo "2465"]
[BlackElo "2395"]

1.d4 Nf6 2.c4 g6 3.Nc3 Bg7 4.e4 d6 5.Nf3 O-O 6.Be2 e5 7.O-O exd4 8.Nxd4 Re8
9.f3 c6 10.Kh1 Nbd7 11.Bg5 a5 12.Nc2 h6 13.Be3 Ne5 14.Qd2 Be6 15.b3 d5 16.exd5 cxd5
17.c5 Nc6 18.Nb5 Kh7 19.Ncd4 Qd7 20.Rac1 Re7 21.Rfe1 Ne8 22.Bf2 Bf6 23.Rcd1 Ng7
24.Nd6 Ne8 25.N4b5 Nxd6 26.cxd6 Ree8 27.Nc7 Qxd6 28.Nxe8 Rxe8 29.Bb5 Qb4
30.Qxb4 axb4 31.Bd4 Bxd4 32.Rxd4 Ra8 33.Rd2 Ra5 34.Bd3 Rc5 35.Kg1 Kg7 36.Kf2 Kf6
37.f4 Rc3 38.Be2 g5 39.Bf3 gxf4 40.Bxd5 Ne5 41.Be4 b5 42.Kg1  1-0

[Event "Vidmar mem"]
[Site "Ljublana Portoroz"]
[Date "1989.??.??"]
[Round "?"]
[White "Bischoff, Klaus"]
[Black "Kozul, Zdenko"]
[Result "1/2-1/2"]
[WhiteElo "2505"]
[BlackElo "2490"]

1.Nf3 Nf6 2.c4 g6 3.Nc3 Bg7 4.e4 d6 5.d4 O-O 6.Be2 e5 7.d5 a5 8.Bg5 h6 9.Bh4 Na6
10.Nd2 Bd7 11.a3 Qe8 12.b3 Nxe4 13.Ncxe4 f5 14.f3 fxe4 15.Nxe4 Bf5 16.Bf2 b6
17.Bd3 Nc5 18.O-O Nxd3 19.Qxd3 g5 20.Be3 Bh7 21.h3 Qh5 22.Bd2 Rf7 23.b4 axb4
24.axb4 Raf8 25.Qe2 Qh4 26.Rfe1 Bf6 27.Qf2 Qh5 28.Qe2 Bd8 29.Ra3 Rg7 30.Rc3 Qg6
31.g4 Qf7 32.Kg2 Qd7 33.Ra3 Rgf7 34.Rf1 Bg6 35.b5 Kg7 36.Ra7 Qc8 37.Ng3 Kg8
38.Ne4  1/2-1/2

[Event "Vidmar mem"]
[Site "Ljublana Portoroz"]
[Date "1989.??.??"]
[Round "?"]
[White "Greenfeld, Alon"]
[Black "Todorcevic, Miodrag"]
[Result "1-0"]
[WhiteElo "2535"]
[BlackElo "2535"]

1.d4 g6 2.c4 Bg7 3.Nc3 d6 4.e4 Nd7 5.Nf3 e5 6.Be2 Ngf6 7.O-O O-O 8.Qc2 exd4
9.Nxd4 Re8 10.Be3 c6 11.Rad1 Qe7 12.f3 a6 13.Bf4 Nh5 14.Bc1 Nb6 15.g4 Nf6
16.Bf4 d5 17.cxd5 cxd5 18.Qb3 Qc5 19.Be3 Nc4 20.Bf2 Na5 21.Qc2 dxe4 22.Ne6 Qe7
23.Nxg7 Kxg7 24.g5 Nh5 25.Bd4+ Kg8 26.f4 Nc6 27.Nd5 Qe6 28.Bc3 Rd8 29.Nc7 Qe7
30.Nxa8 Bf5 31.Bxh5 Qc5+ 32.Qf2 e3 33.Rxd8+ Nxd8 34.Qe2 gxh5 35.Re1 Be6 36.Qxe3 Qf5
37.Nc7 Kf8  1-0

[Event "London WFW"]
[Site "London"]
[Date "1989.??.??"]
[Round "?"]
[White "Suba, Mihai"]
[Black "Watson, William N"]
[Result "1-0"]
[WhiteElo "2515"]
[BlackElo "2505"]

1.d4 g6 2.c4 Bg7 3.Nc3 Nf6 4.e4 d6 5.Nf3 O-O 6.Be2 c6 7.O-O e5 8.Qc2 exd4
9.Nxd4 Re8 10.Bg5 Qa5 11.Bh4 Nxe4 12.Nxe4 Qe5 13.Bf3 Qxd4 14.Rad1 Qxb2 15.Qxb2 Bxb2
16.Nxd6 Rf8 17.Be7 Be6 18.Bxf8 Kxf8 19.Nxb7 Bxc4 20.Rd8+ Ke7 21.Re1+ Kf6
22.Nc5  1-0

[Event "Lugano op"]
[Site "Lugano"]
[Date "1989.??.??"]
[Round "1"]
[White "Franco Ocampo, Zenon"]
[Black "Kabisch, Thilo"]
[Result "0-1"]
[WhiteElo "2490"]
[BlackElo "2285"]

1.d4 Nf6 2.Nf3 g6 3.c4 Bg7 4.Nc3 d6 5.e4 O-O 6.Be2 e5 7.d5 Nbd7 8.Bg5 h6
9.Bh4 g5 10.Bg3 Nh5 11.O-O a5 12.Nd2 Nf4 13.Bg4 Nc5 14.f3 h5 15.Bxc8 Rxc8
16.Nb3 Nxb3 17.axb3 c5 18.dxc6 bxc6 19.Kh1 Ne6 20.Bf2 Rb8 21.Ra3 Rb7 22.Ne2 h4
23.Qd2 f5 24.exf5 Rxf5 25.h3 d5 26.Rxa5 d4 27.Rfa1 Qf6 28.Ra8+ Bf8 29.b4 Rxf3
30.gxf3 Qxf3+ 31.Kg1 Rf7 32.Nxd4 exd4 33.R1a3 Qf5 34.c5 Nf4 35.Bxd4 Rd7 36.Re3 Nxh3+
37.Rxh3 Qg4+ 38.Kh2 Rxd4 39.Rd3 Qg3+ 40.Rxg3 hxg3+ 41.Kxg3 Rxd2 42.Rc8 Rxb2
43.Rxc6 Kf7 44.Rb6 Be7 45.c6 Kg6 46.b5 Rb3+ 47.Kg4 Rb4+ 48.Kf3 g4+ 49.Kg2 Bd6  0-1

[Event "Lugano op"]
[Site "Lugano"]
[Date "1989.??.??"]
[Round "1"]
[White "Renaze, Luc"]
[Black "Weindl, Alfred"]
[Result "0-1"]
[WhiteElo "2225"]
[BlackElo "2385"]

1.d4 Nf6 2.c4 g6 3.Nc3 Bg7 4.e4 d6 5.Be2 O-O 6.Nf3 Nbd7 7.O-O e5 8.dxe5 dxe5
9.Qc2 c6 10.b4 Re8 11.Bb2 Nf8 12.Rad1 Qc7 13.Nb1 Bg4 14.Nbd2 Nh5 15.c5 b5
16.cxb6 axb6 17.Bc4 Nf4 18.Rfe1 Re7 19.Rc1 Be6 20.a3 Rd8 21.Bf1 Bd7 22.Nc4 Bg4
23.Re3 Bxf3 24.Rxf3 Red7 25.Ne3 Rd2 26.Qc3 Ne2+ 27.Bxe2 Rxe2 28.Qb3 Ne6 29.h4 Qe7
30.g3 Rdd2 31.Nc4 Rxb2  0-1

[Event "Lugano op"]
[Site "Lugano"]
[Date "1989.??.??"]
[Round "4"]
[White "Gawehns, Klaus"]
[Black "Casa, Alex"]
[Result "1-0"]
[WhiteElo "2355"]
[BlackElo "2215"]

1.d4 Nf6 2.c4 g6 3.Nc3 Bg7 4.e4 d6 5.Nf3 O-O 6.Be2 e5 7.d5 Nbd7 8.O-O Nc5
9.Qc2 a5 10.Bg5 h6 11.Be3 Nh5 12.g3 Bh3 13.Rfe1 f5 14.exf5 Bxf5 15.Qd2 Ne4
16.Nxe4 Bxe4 17.Nh4 Nf4 18.Bf1 g5 19.Bxf4 exf4 20.Rxe4 fxg3 21.fxg3 gxh4
22.Rxh4 Qf6 23.Bh3 Qxb2 24.Be6+  1-0

[Event "Lugano op"]
[Site "Lugano"]
[Date "1989.??.??"]
[Round "6"]
[White "Hansen, Lars Bo"]
[Black "Douven, Rudy C"]
[Result "1-0"]
[WhiteElo "2540"]
[BlackElo "2445"]

1.d4 Nf6 2.Nf3 g6 3.c4 Bg7 4.Nc3 O-O 5.e4 d6 6.Be2 e5 7.O-O Na6 8.Re1 Qe8
9.dxe5 dxe5 10.b3 Nd7 11.Ba3 Ndc5 12.Qc2 Bg4 13.Rad1 Qc8 14.Ng5 Bxe2 15.Qxe2 h6
16.Nf3 Re8 17.g3 c6 18.Qe3 Ne6 19.Ne2 c5 20.Nc3 Nd4 21.Qd3 Qd8 22.Nd5 Qa5
23.Nxd4 exd4 24.Bc1 Qxa2 25.Bd2 f5 26.exf5 Rxe1+ 27.Rxe1 gxf5 28.Ne7+ Kh8
29.Nxf5 Rf8 30.Re2 Qa1+ 31.Kg2 Nb4 32.Bxb4 cxb4 33.Nxg7 Kxg7 34.Re4 Qc3 35.Qxd4+ Qxd4
36.Rxd4 Rf7 37.Rd5 a6 38.Rd6  1-0

[Event "Lugano op"]
[Site "Lugano"]
[Date "1989.??.??"]
[Round "6"]
[White "Vanheste, Jeroen"]
[Black "Kunze, Markus"]
[Result "1/2-1/2"]
[WhiteElo "2410"]
[BlackElo "2270"]

1.d4 Nf6 2.c4 g6 3.Nc3 Bg7 4.e4 d6 5.Nf3 O-O 6.Be2 e5 7.Be3 h6 8.O-O Ng4
9.Bc1 Nc6 10.d5 Ne7 11.h3 Nf6 12.Ne1 Nh7 13.Nd3 f5 14.f3 f4 15.c5 Kh8 16.cxd6 cxd6
17.Bd2 Ng8 18.Nf2 Bf6 19.Rc1 a6 20.Qa4 Bh4 21.Ncd1 Bg3 22.Re1 Qh4 23.Bf1 Ng5
24.Qa3 Nf6 25.Re2 Ne8 26.Bb4 Rf6 27.Qa5 Bxf2+  1/2-1/2

[Event "Lugano op"]
[Site "Lugano"]
[Date "1989.??.??"]
[Round "7"]
[White "Bosbach, Gerhard"]
[Black "Haik, Aldo"]
[Result "0-1"]
[WhiteElo "2250"]
[BlackElo "2390"]

1.d4 g6 2.c4 Bg7 3.Nc3 d6 4.e4 Nd7 5.Nf3 e5 6.Be2 Ngf6 7.O-O O-O 8.Re1 a5
9.h3 exd4 10.Nxd4 Nc5 11.Bf3 a4 12.Rb1 c6 13.Be3 Re8 14.Qc2 Qa5 15.b4 axb3
16.Nxb3 Nxb3 17.axb3 Nd7 18.Rec1 Ne5 19.Be2 f5 20.Na4 fxe4 21.Nb6 Nf3+ 22.gxf3 exf3
23.Nxa8 Rxe3 24.fxe3 Qg5+ 25.Kf1 Qg2+  0-1

[Event "Lugano op"]
[Site "Lugano"]
[Date "1989.??.??"]
[Round "9"]
[White "Arlandi, Ennio"]
[Black "Van der Wiel, John TH"]
[Result "1-0"]
[WhiteElo "2390"]
[BlackElo "2560"]

1.d4 Nf6 2.c4 g6 3.Nc3 Bg7 4.e4 d6 5.Nf3 O-O 6.Be2 e5 7.O-O Na6 8.Rb1 exd4
9.Nxd4 Re8 10.f3 c6 11.b4 Nxb4 12.Rxb4 c5 13.Rb3 cxd4 14.Nb5 Nd7 15.Nxd6 Re6
16.Ba3 b6 17.f4 Nc5 18.Bxc5 bxc5 19.e5 Rxd6 20.exd6 Be6 21.Bd3 Qxd6 22.Qf3 Re8
23.Re1 Rd8 24.Ra3 Bh6 25.g3 Qd7 26.Ra6 Rc8 27.Qd1 Qb7 28.Ra5 Bh3 29.Qe2 Bf8
30.Rb5 Qd7 31.Qf3 Bg4 32.Qg2 Re8 33.Rxe8 Qxe8 34.Qe4 Qc8 35.Qe5 Bh3 36.Rb8 Qc6
37.Qe4 Qd6 38.Qe8 Bd7 39.Qd8 a5 40.Rb7 Be6 41.Qxd6 Bxd6 42.Ra7 Kg7 43.Rxa5  1-0

[Event "Luzern"]
[Site "Luzern"]
[Date "1989.??.??"]
[Round "?"]
[White "Huss, Andreas"]
[Black "Kraehenbuehl, Gerhard"]
[Result "0-1"]
[WhiteElo "2355"]
[BlackElo "2275"]

1.d4 Nf6 2.Nf3 g6 3.c4 Bg7 4.Nc3 O-O 5.e4 d6 6.Be2 e5 7.d5 a5 8.O-O Na6 9.Ne1 Nc5
10.f3 Nh5 11.g3 Qe7 12.Nd3 Nf6 13.Nf2 Ne8 14.Be3 f5 15.exf5 gxf5 16.Qd2 Nf6
17.Rae1 Kh8 18.Bd1 Na6 19.f4 e4 20.Kh1 Bd7 21.Rg1 c6 22.a4 c5 23.h3 h5 24.Rg2 Kg8
25.Be2 Kf7 26.Rh2 Rh8 27.Rg1 Nb4 28.Rgg2 Rag8 29.Qd1 Ke8 30.Nb5 Kd8 31.Qb3 Bxb5
32.axb5 Nd7 33.Nd1 Bd4 34.Kg1 Qf6 35.Kf2 Nb6 36.Bxd4 cxd4 37.Kg1 d3 38.Bf1 Qd4+
39.Kh1 Nxc4 40.Qc3 Qxc3 41.bxc3 Nxd5  0-1

[Event "Luzern"]
[Site "Luzern"]
[Date "1989.??.??"]
[Round "?"]
[White "Huss, Andreas"]
[Black "Nijboer, Friso"]
[Result "1/2-1/2"]
[WhiteElo "2355"]
[BlackElo "2475"]

1.d4 Nf6 2.Nf3 g6 3.c4 Bg7 4.Nc3 O-O 5.e4 d6 6.Be2 e5 7.d5 a5 8.O-O Na6 9.Ne1 Nd7
10.Nd3 f5 11.exf5 gxf5 12.f4 c6 13.Be3 Nc7 14.Qd2 cxd5 15.cxd5 Kh8 16.fxe5 dxe5
17.Bg5 Nf6 18.Nxe5 Ncxd5 19.Kh1 Be6 20.Bc4 Qd6 21.Bxf6 Rxf6 22.Nf3 Rd8 23.Rad1 Nxc3
24.Qxd6 Rxd6 25.Rxd6 Bxc4 26.Rd8+ Rf8 27.Rxf8+ Bxf8 28.Rc1 Bg7 29.a3 b5 30.bxc3 Bf8
31.Ra1 Kg7 32.Nd4 Kf6 33.Nc6 a4 34.Nb4 Ke6 35.Re1+ Kd6 36.Kg1 Bg7 37.Re3 Kc5
38.Rf3 Be6 39.Re3 Bb3 40.Rf3 Kc4 41.Rxf5 Bxc3 42.Rf4+ Bd4+ 43.Kf1 Kc3 44.Ke1 Bg7
45.Rf2 Bh6 46.g4 Bc1 47.Rf3+ Kd4 48.Nc6+ Ke4 49.Rf5 Bc4 50.Na7 Bxa3 51.Nxb5 Bb4+
52.Kd1 Ke3 53.Kc1 a3 54.Nxa3 Bxa3+ 55.Kd1 Bb4 56.Rh5 Be2+ 57.Kc2 Bxg4 58.Rh4 Kf3
59.Kb3 Bd6 60.Rxh7 Be6+ 61.Kc3 Be5+  1/2-1/2

[Event "Luzern"]
[Site "Luzern"]
[Date "1989.??.??"]
[Round "?"]
[White "Cebalo, Miso"]
[Black "Kraehenbuehl, Gerhard"]
[Result "1-0"]
[WhiteElo "2485"]
[BlackElo "2275"]

1.d4 Nf6 2.Nf3 g6 3.c4 Bg7 4.Nc3 O-O 5.e4 d6 6.Be2 e5 7.O-O Nbd7 8.Qc2 h6
9.Rd1 Re8 10.Rb1 a5 11.dxe5 dxe5 12.c5 Qe7 13.Na4 Nb8 14.Be3 Nc6 15.Nc3 Be6
16.h3 a4 17.Rbc1 a3 18.b3 Nb4 19.Qb1 Nd7 20.Nb5 Nb8 21.Bc4 Bxc4 22.Rxc4 N8c6
23.Nc3 Qe6 24.Nd5 Na6 25.b4 Rac8 26.b5  1-0

[Event "Marianske Lazne op"]
[Site "Marianske Lazne"]
[Date "1989.??.??"]
[Round "1"]
[White "Hajek, Michal"]
[Black "Rasik, Vitezslav"]
[Result "1/2-1/2"]
[WhiteElo "2315"]
[BlackElo "2365"]

1.d4 Nf6 2.c4 g6 3.Nc3 Bg7 4.e4 O-O 5.Nf3 d6 6.Be2 e5 7.O-O exd4 8.Nxd4 Re8
9.f3 c6 10.Be3 d5 11.cxd5 Nxd5 12.Nxd5 cxd5 13.Qb3 Nc6 14.Rad1 Nxd4 15.Bxd4 Bxd4+
16.Rxd4 Qf6 17.Rb4 Be6 18.Rxb7 Qd4+ 19.Kh1 dxe4 20.Qb5 a6 21.Qa5 Reb8 22.Rxb8+ Rxb8
23.Qxa6 Rxb2 24.fxe4 Qxe4 25.Bf3 Qc4 26.Qa8+ Kg7 27.Ra1 Qc2 28.Qe4 Qxe4 29.Bxe4 Bxa2
30.h4 Be6 31.Bf3 Rb4 32.g3 Rb3 33.Kg2 Rb2+ 34.Kg1 h6 35.Re1 Kf6 36.Kf1 Rd2
37.Kg1 Ra2 38.Kf1 Rb2 39.Kg1 Rd2 40.Kf1 Bf5 41.Kg1 Be6 42.Kf1 Kf5 43.Kg1 g5
44.hxg5 Kxg5 45.Re5+ Kf6 46.Rh5 Kg6 47.Re5 Rb2 48.Ra5 f5 49.Ra6 Kf7 50.Ra7+ Kg6
51.Ra6 Kf7 52.Bh5+ Kf6 53.Bf3 Ke5 54.Ra4 Kf6 55.Ra6 Rd2 56.g4 f4 57.g5+  1/2-1/2

[Event "Marianske Lazne op"]
[Site "Marianske Lazne"]
[Date "1989.??.??"]
[Round "6"]
[White "Bakalar, Petr"]
[Black "Freisler, Pavel"]
[Result "1/2-1/2"]
[WhiteElo "2325"]
[BlackElo "2310"]

1.d4 Nf6 2.c4 g6 3.Nc3 Bg7 4.e4 d6 5.Nf3 O-O 6.Be2 e5 7.dxe5 dxe5 8.Qxd8 Rxd8
9.Bg5 Re8 10.Nd5 Nxd5 11.cxd5 c6 12.Bc4 cxd5 13.Bxd5 Nd7 14.Nd2 Nb6 15.Bb3 Be6
16.Bxe6 Rxe6 17.Rc1 Rc8 18.Rxc8+ Nxc8 19.Ke2 Rc6 20.Kd3 Nd6 21.Nb1 f5 22.f3 Kf7
23.Rc1 Rxc1 24.Bxc1 fxe4+ 25.fxe4 Ke6 26.Be3 a6 27.Nc3 Bf6 28.Na4 Kd7 29.Nc5+ Kc6
30.Ne6 Be7 31.Nc5 Bd8 32.Ne6 Be7 33.b3 Nf7 34.h4 Bxh4 35.Nf8 Be7 36.Nxh7 Kb5
37.Bd2 Kc5 38.a3 Kb5 39.a4+ Kc5 40.Kc3 Nd6 41.Be3+ Kc6 42.Kd3 Nf7 43.Kc4 b6
44.g4 Nd6+ 45.Kd3 Nb7 46.Bg5 Nc5+ 47.Kc2 Bd6 48.Nf6 Be7 49.Nh7 Bd6 50.Nf6  1/2-1/2

[Event "Marseille"]
[Site "Marseille"]
[Date "1989.??.??"]
[Round "?"]
[White "Dorfman, Itzhak"]
[Black "Todorcevic, Miodrag"]
[Result "1/2-1/2"]
[WhiteElo "2565"]
[BlackElo "2535"]

1.d4 g6 2.c4 Bg7 3.Nc3 d6 4.e4 Nd7 5.Nf3 e5 6.Be2 Ngf6 7.O-O O-O 8.Qc2 a6
9.Rd1 exd4 10.Nxd4 Re8 11.Bg5 h6 12.Bh4 c6 13.f3 Qe7 14.Rd2 Ne5 15.Re1 Qf8
16.f4 Ned7 17.Bf3 a5 18.b3 Nc5 19.h3 Nh7 20.Bg3 g5 21.Nce2 gxf4 22.Nxf4 Be5
23.Nh5 Kh8 24.Qd1 Qg8 25.Bg4 Bxg4 26.hxg4 Ng5 27.Rde2 Qg6 28.Nf5 Rad8 29.Qd2 b6
30.Bh4 f6 31.Bxg5 fxg5 32.g3 Re6 33.Kg2 Rde8 34.Kh3 Nd7 35.Qd3 Kg8 36.Rf1 Bh8
37.Ref2 Ne5 38.Qd1 Kh7 39.Re1 Rd8 40.Ref1 Rde8 41.Re1 Kg8 42.Ref1  1/2-1/2

[Event "Marseille+"]
[Site "Marseille"]
[Date "1989.??.??"]
[Round "?"]
[White "Kouatly, Bachar"]
[Black "Todorcevic, Miodrag"]
[Result "1-0"]
[WhiteElo "2470"]
[BlackElo "2535"]

1.d4 g6 2.c4 Bg7 3.Nc3 d6 4.e4 Nd7 5.Nf3 e5 6.Be2 Ngf6 7.O-O O-O 8.Qc2 exd4
9.Nxd4 c6 10.Be3 Re8 11.Rad1 a6 12.Kh1 Qe7 13.f3 Ne5 14.Qd2 Qf8 15.Nc2 Re6
16.b4 Ned7 17.Nd4 Re7 18.Nb3 Ne8 19.c5 dxc5 20.bxc5 Nc7 21.Na4 Nb5 22.Na5 Ne5
23.Nb6 Rb8 24.a4 Nc7 25.h3 f6 26.f4 Nf7 27.Nxc8 Qxc8 28.Bf3 f5 29.e5 g5 30.g3 Qe6
31.Qc2 gxf4 32.gxf4 Qh6 33.Nc4 Qxh3+ 34.Qh2 Qxh2+ 35.Kxh2 Nh6 36.Kh3 Rf8
37.Nd6 Re6 38.Rg1 Nd5 39.Rxd5 Ng4 40.Rd3 Rh6+ 41.Kg3  1-0